El desarrollo del niño pequeño / (Record no. 35548)

MARC details
000 -LEADER
campo de control de longitud fija 00719nam a2200217 i 4500
001 - NÚMERO DE CONTROL
campo de control 35548
003 - IDENTIFICADOR DE NÚMERO DE CONTROL
campo de control ES-MaACL
007 - CAMPO FIJO DE DESCRIPCIÓN FÍSICA--INFORMACIÓN GENERAL
campo de control de longitud fija t|
008 - DATOS DE LONGITUD FIJA--INFORMACIÓN GENERAL
campo de control de longitud fija 030213s1983 sp ||||1| spa d
100 1# - ENTRADA PRINCIPAL--NOMBRE DE PERSONA
Nombre de persona Bower, T. R. G.
9 (RLIN) 31136
245 13 - MENCIÓN DEL TÍTULO
Título El desarrollo del niño pequeño /
Mención de responsabilidad, etc. T.R.G. Bower ; versión... de Mario Carretero y Víctor García-Hoz Rosales.
250 ## - MENCION DE EDICION
Mención de edición [1ª ed., 1ª reimp.].
260 ## - PUBLICACIÓN, DISTRIBUCIÓN, ETC.
Lugar de publicación, distribución, etc. Madrid :
Nombre del editor, distribuidor, etc. Debate,
Fecha de publicación, distribución, etc. [1983]
300 ## - DESCRIPCIÓN FÍSICA
Extensión 295 p. :
Otras características físicas il. ;
Dimensiones 23 cm.
490 1# - MENCIÓN DE SERIE
Mención de serie Serie de Psicología
700 1# - ENTRADA AGREGADA--NOMBRE PERSONAL
Nombre de persona Carretero, Mario.
9 (RLIN) 35718
700 1# - ENTRADA AGREGADA--NOMBRE PERSONAL
Nombre de persona García-Hoz Rosales, Víctor.
9 (RLIN) 54778
830 00 - PUNTO DE ACCESO ADICIONAL DE SERIE-TÍTULO UNIFORME
Título uniforme Serie de psicología (Debate)
9 (RLIN) 229542
852 ## - LOCALIZACIÓN
Ubicación ES-MaACL
Número de control de estantería L-6374
Sublocalización o colección R.107107
Holdings
Estatus retirado Estado de pérdida Estado de daño No para préstamo Biblioteca de origen Biblioteca actual Ubicación en estantería Fecha de adquisición Fuente de adquisición Total de préstamos Signatura topográfica completa Código de barras Visto por última vez Precio de reemplazo Tipo de ítem Koha
        Biblioteca del Ateneo de Madrid Biblioteca del Ateneo de Madrid Depósito 2 17/01/2008     L-6374 1037212 23/02/2023 23/02/2023 Libro impreso